| 000 | 00584nam a2200205Ii 4500 | ||
|---|---|---|---|
| 001 | 7467 | ||
| 003 | CO-ViMGA | ||
| 008 | 241108s9999||||xx |||||||||||||| ||und|| | ||
| 040 |
_aCO-ViMGA _bspa _erda _cCO-ViMGA |
||
| 041 | 0 | _aspa | |
| 082 | 0 | 4 | _a342 C718 |
| 110 | 1 |
_aColombia [Leyes], Roldan Ortega, Roque _952850 |
|
| 245 | 1 | 0 | _aFuero indigena |
| 264 | 1 | _aBogotá, Colombia : Presencia, 1983 | |
| 300 | _avolumen | ||
| 336 |
_atext _btxt _2rdacontent |
||
| 337 |
_aunmediated _bn _2rdamedia |
||
| 338 |
_avolume _bnc _2rdacarrier |
||
| 940 | _aidficha_siabuc: 7294. -- ficha_no_siabuc:7467 | ||
| 999 |
_c47829 _d47829 |
||